000 00566nam a2200205 4500
003 OSt
005 20240621010321.0
006 a
008 240621b |||||||| |||| 00| 0 eng d
040 _aDWCL-HMN lib.
_cOC
082 _aCirc. 641.5956 N632m 1969
100 _aNickles, Harry G.
245 _aMiddle Eastern Cooking. /
260 _bTime-Life Books,
_cc1969.
300 _b206 p. : ill. (some col.) , map ;
_c28 cm.
490 _3Foods of the World
504 _aInclude indexes.
650 _a1. Middle East Cooking.
942 _2ddc
_n0
_cBK-CIRC
_kCirc.
999 _c1027
_d1027